000 00982nac a22002777a 4500
001 BR0501542
003 BR-BrBNA
005 20240105123117.0
008 230509b bl.|||m| |||| 00| 0 por d
040 _aBR-BrBNA
_bpor
_cBiblioteca Nacional de Agricultura
072 _aE71; E11
090 _aE71 BR0501542
100 1 _aMoraes, A.L.M. de
110 1 _aEMBRAPA Informação Tecnológica, Brasília, DF (Brasil)
245 1 _aA liberalização econômica da China e sua importância para as exportações do agronegócio brasileiro
260 3 _aBrasília, DF (Brasil):
_c2004.
300 _a92 p.
490 _aTexto para Discussão - EMBRAPA Informação Tecnológica (Brazil)
_vno. 22
_xISSN 1677-5473
500 _a14 tables; Bibliography p. 86-92
650 _aAGRONEGÓCIO
650 _aCOMÉRCIO EXTERIOR
650 _aPOLÍTICA GOVERNAMENTAL
650 _aCRESCIMENTO ECONÔMICO
909 _a202312
_bLúcia Elande
_c55
_dLúcia Elande
942 _2AGRIS
_n0
_cMS
999 _c294034
_d294034